Keys of Beethoven's Symphonies - Statistics

General Stats
  • This quiz has been taken 91 times
  • The average score is 8 of 9
Answer Stats
Symphony Answer % Correct
No.1 C Major
97%
No.5 C minor
96%
No.6 F Major
96%
No.8 F Major
96%
No.2 D Major
93%
No.9 D minor
90%
No.7 A Major
89%
No.3 E flat Major
89%
No.4 B flat Major
80%
No matching quizzes found
Score Distribution
Percent of People with Each Score
Percentile by Number Answered
Your Score History
You have not taken this quiz